The Emily Johnston de forest Collection of Mexican Maiolica (Record no. 9855)
[ view plain ]
| 000 -CABECERA | |
|---|---|
| campo de control de longitud fija | 00845nam a2200241 a 4500 |
| 001 - NÚMERO DE CONTROL | |
| campo de control | BRL_1043 |
| 005 - FECHA Y HORA DE LA ÚLTIMA TRANSACCIÓN | |
| campo de control | 20190320211017.0 |
| 008 - DATOS DE LONGITUD FIJA--INFORMACIÓN GENERAL | |
| campo de control de longitud fija | 051113s1922----nyua#####c---#000-0#eng-# |
| 041 ## - CÓDIGO DE LENGUA | |
| Código de lengua del texto/banda sonora o título independiente | eng |
| 044 ## - CÓDIGO DEL PAÍS DE LA ENTIDAD EDITORA/PRODUCTORA | |
| Código MARC del país | nyu |
| 050 #4 - SIGNATURA TOPOGRÁFICA DE LA BIBLIOTECA DEL CONGRESO | |
| Número de clasificación | NK4320.M5 |
| Número de documento/Ítem | .A85 1922 |
| 110 2# - ENTRADA PRINCIPAL--NOMBRE DE ENTIDAD CORPORATIVA | |
| Nombre de entidad corporativa o nombre de jurisdicción como elemento de entrada | Metropolitan Museum of Art (New York, N.Y.) |
| Unidad subordinada | Emily Johnston De Forest Collection |
| 9 (RLIN) | 25664 |
| 245 10 - MENCIÓN DE TÍTULO | |
| Título | The Emily Johnston de forest Collection of Mexican Maiolica |
| Mención de responsabilidad, etc. | Catalogue by Edwin Atlee Barber. |
| 260 ## - PUBLICACIÓN, DISTRIBUCIÓN, ETC. | |
| Lugar de publicación, distribución, etc. | New York |
| Nombre del editor, distribuidor, etc. | The Metropolitan Museum of Art |
| Fecha de publicación, distribución, etc. | 1922 |
| 300 ## - DESCRIPCIÓN FÍSICA | |
| Extensión | xxii, 41 p. |
| Otras características físicas | il. |
| Dimensiones | 23 cm. |
| 500 ## - NOTA GENERAL | |
| Nota general | Au1171 |
| 500 ## - NOTA GENERAL | |
| Nota general | First exhibited at The Hispanic Society of America, february 18 to march 19, 1911 |
| 650 14 - PUNTO DE ACCESO ADICIONAL DE MATERIA--TÉRMINO DE MATERIA | |
| Término de materia o nombre geográfico como elemento de entrada | Mayólica |
| 9 (RLIN) | 7298 |
| 650 14 - PUNTO DE ACCESO ADICIONAL DE MATERIA--TÉRMINO DE MATERIA | |
| Término de materia o nombre geográfico como elemento de entrada | Cerámica |
| Subdivisión de forma | Catálogos |
| 9 (RLIN) | 1369 |
| 700 1# - PUNTO DE ACCESO ADICIONAL--NOMBRE DE PERSONA | |
| Nombre de persona | Atlee Barber, Edwin |
| Fechas asociadas al nombre | 1851-1916 |
| 9 (RLIN) | 25665 |
| 902 ## - CATALOGADOR | |
| Iniciales | GRL |
| 942 ## - ELEMENTOS DE PUNTO DE ACCESO ADICIONAL (KOHA) | |
| Fuente del sistema de clasificación o colocación | Library of Congress Classification |
| Tipo de ítem Koha | Libros |
| Estado de retiro | Estado de pérdida | Estado dañado | No para préstamo | Localización permanente | Ubicación/localización actual | Fecha de adquisición | Número de inventario | Total de préstamos | Signatura topográfica completa | Código de barras | Fecha visto por última vez | Precio válido a partir de | Tipo de ítem Koha |
|---|---|---|---|---|---|---|---|---|---|---|---|---|---|
| El ejemplar forma parte de la colección y puede ser consultado según las políticas vigentes. | Biblioteca Centro de Estudios Ruth D. Lechuga | Biblioteca Centro de Estudios Ruth D. Lechuga | 05/11/2013 | Au1171 | NK4320.M5 .A85 1922 (Au1171) | GRL01139 | 22/03/2019 | 22/03/2019 | Libros |